Countries involved in the Vietnam War - Statistics

General Stats
  • This quiz has been taken 467 times
  • The average score is 18 of 21
Answer Stats
Area of the world Country % Correct
East Asia China
97%
Americas United States
97%
South East Asia Cambodia
95%
Oceania Australia
94%
Europe France
94%
South East Asia Laos
94%
South East Asia Thailand
93%
Europe United Kingdom
93%
East Asia South Korea
91%
Oceania New Zealand
90%
East Asia Japan
87%
Americas Canada
86%
South Asia India
85%
Eurasia Soviet Union
85%
East Asia North Korea
84%
South East Asia Philippines
81%
South East Asia South Vietnam
81%
South East Asia North Vietnam
79%
Europe Spain
74%
East Asia Taiwan
71%
Americas Cuba
68%
No matching quizzes found
Score Distribution
Percent of People with Each Score
Percentile by Number Answered
Your Score History
You have not taken this quiz